Make more of vegetables

Bibliographic Details
Main Author: Warren, Janet
Format: Book
Published: London : Treasure Press , 1985
Subjects:

MARC

LEADER 00000cam a2200000 7i4500
001 0000009433
002 000010271
005 20000330.0
020 |a 1850510458 
090 0 0 |a 641.6   |b WAR 
100 1 |a Warren, Janet 
245 1 0 |a Make more of vegetables   |c Janet Warren 
260 |a London :   |b Treasure Press ,   |c 1985 
300 |a 80p. :   |b ill. ;   |c 29cm. 
650 0 0 |a Cookery (Vegetables) 
999 |a 014789   |b BUKU   |c PINJAMAN   |e PERPUSTAKAAN KOMUNITI PETALING JAYA